000 01191nam a22003495a 4500
001 58417
003 CO-BoRNBP
005 20250822145607.0
007 ta
008 220310s2021 sp a gr 001 0 spa d
020 _a9788490051740
040 _aCO-BoBLA
_bspa
_cCO-BoBLA
_erda
041 0 _aspa
082 0 4 _a641.815
_bG71
_221 ed.
084 _a641.815
245 0 0 _aGran libro de cupcakes & cake pops /
_cdirección editorial, María Jesús Díaz ; fotografía culinaria, Hans Geel.
250 _a1a. edición
264 0 _aMadrid :
_bServilibro Ediciones,
_c[Fecha de publicación no identificada]
300 _a197 páginas :
_bilustraciones a color ;
_c27 cm.
336 _atexto
_btxt [
_2rdacontent]
337 _asin mediación
_bn [
_2rdamedia]
338 _avolumen
_bnc [
_2rdacarrier]
500 _aIncluye índice de recetas.
650 7 _aMagdalenas (Cocina)
_2BLAAUTO
_963139
650 7 _aRecetarios.
_2BLAAUTO
_959081
650 7 _aLibros de cocina.
_2BLAAUTO
_963140
650 7 _aPastelería.
_2BLAAUTO
700 1 _aDíaz, María Jesús,
_edirección.
_963141
700 1 _aGeel, Hans,
_efotografía.
_963142
942 _2ddc
_cBK
949 _an
_bn
999 _c58417
_d58417